Представление документа в формате RUSMARC

ПолеНазваниеЗначение
  Тип записи a
  Библиографический уровень m
001 Контрольный номер RU/ГПНТБ России/IBIS/84(4Вел)/М 23-171446637
005 Дата корректировки 20260427152358.7
010 Индекс ISBN __
a ISBN 978-5-04-169653-5
b Уточнения в пер.
9 Тираж 3000
100 Данные общей обработки __
a Данные общей обработки 20260427d2025 cm y0rusy0250 ca
101 Язык документа 1_
a Язык текста rus
c Язык оригинала eng
102 Страна публикации __
a Страна публикации RU
105 Кодированные данные (монография) __
a Кодированные данные (монография) a zz 000ay
181 Поле кодированных данных: вид содержания _0
a Код вида содержания (ISBD) i
182 Поле кодированных данных: тип средства _0
a Код типа средства (ISBD) n
200 Заглавие и сведения об ответственности 1_
a Заглавие Волшебство в крапинку
e Сведения, относящиеся к заглавию [для дошкольного возраста
e Сведения, относящиеся к заглавию для чтения взрослыми детям]
f Первые сведения об ответственности Гарриет Манкастер
g Последующие сведения об ответственности перевод с английского А. Б. Васильевой
203 Вид содержания и тип средства __
c Тип средства непосредственный
a Вид содержания Текст
210 Выходные данные 1_
a Место издания Москва
c Издательство Эксмо
c Издательство #эксмодетство
d Дата издания 2025
215 Физическое описание __
a Объем 121, [18] с.
c Иллюстрации/тип воспроизводства цв. ил.
d Формат 20 см
225 Серия 2_
a Серия Изадора Мун. Приключения очень необычной девочки
v Обозначение тома 15
333 Примечание о целевом назначении __
a Примечание о целевом назначении информационная продукция для детей, достигших возраста шести лет
333 Примечание о целевом назначении __
a Примечание о целевом назначении для детей от 5 до 7 лет
333 Примечание о целевом назначении __
a Примечание о целевом назначении для взрослых - родителей
454 Оригинал _0
1 700 1
a Muncaster
g Harriet
1 2001
a Isadora moon gets the magic pox
f Harriet Muncaster
517 Другие варианты заглавия 1_
a Другие варианты заглавия Приключения очень необычной девочки
606 Тематические рубрики __
a Основная рубрика Английская литература (Х.Л.)
x Основная подрубрика Проза
z Хронологическая подрубрика 21 в.
j Формальный подзаголовок Издания для детей
2 Код системы nlr_sh
606 Тематические рубрики __
a Основная рубрика Фантастика
2 Код системы nlr_sh
610 Ключевые слова 1_
a Ключевые слова детская литература
610 Ключевые слова 1_
a Ключевые слова издания для детей
610 Ключевые слова 1_
a Ключевые слова фэнтези
610 Ключевые слова 1_
a Ключевые слова ведьмы
610 Ключевые слова 1_
a Ключевые слова феи
610 Ключевые слова 1_
a Ключевые слова приключения
686 Индексы других классификаций __
2 Код системы rubbk
a Классификационный индекс 84(4Вел)-4
700 Автор _1
a Фамилия Манкастер
b Имя Г.
g Полное личное имя Гарриет
f Даты 1988-
4 Код отношения 070
702 Вторичная интеллектуальная ответственность _1
a Фамилия Васильева
b Имя А. Б.
g Полное личное имя Анна Борисовна
4 Код отношения 730
801 Источник записи _0
b Организация ГПНТБ России
a Страна RU
c Дата составления 20260427
801 Источник записи _1
b Организация ГПНТБ России
a Страна RU
c Дата составления 20260427
852 Данные о местонахождении 5_
a Наименование организации ГПНТБ России
m Суффикс шифра хранения 127042
b Сигла хранения ЦГБ
j Шифр хранения 84(4Вел)
p Инвентарный номер RU
899 Данные о местонахождении __
a Местонахождение ГПНТБ России
p Штрих-код 127042
b Место хранения ЦГБ
h Классификационная часть РШ 84(4Вел)-4
i Авторский знак М 23
901 Тип документа __
a Ответственный заим.